[Event "IV Festival A"]
[Site "Cesenatico ITA"]
[Date "1999.08.??"]
[Round "4"]
[White "Niermann, Rainer"]
[Black "Vancini, Edoardo"]
[Result "0-1"]
[WhiteElo "2147"]
[BlackElo "2255"]
[PlyCount "110"]
[EventDate "1999.08.30"]

1. e4 c5 2. Nc3 Nc6 3. g3 g6 4. Bg2 Bg7 5. d3 d6 6. f4 e6 7. Nf3 Nge7 8. O-O
O-O 9. Be3 Nd4 10. Qd2 Rb8 11. Rae1 b6 12. Ng5 h6 13. Nf3 f5 14. e5 Nxf3+ 15.
Bxf3 Bb7 16. Bxb7 Rxb7 17. Qg2 d5 18. d4 cxd4 19. Bxd4 g5 20. Rd1 Rd7 21. Qd2
Nc6 22. Ne2 Rff7 23. Be3 g4 24. Nd4 Nxd4 25. Qxd4 Rc7 26. c4 Rfd7 27. cxd5 Rxd5
28. Qa4 Bf8 29. Rxd5 Qxd5 30. Rd1 Qf3 31. Bf2 Qe2 32. Qb3 Kf7 33. Re1 Qa6 34.
Rd1 Be7 35. a3 Qc8 36. Qd3 Rc2 37. Rd2 Rxb2 38. Rxb2 Qc1+ 39. Kg2 Qxb2 40. a4
Qa2 41. Qd7 Qd5+ 42. Qxd5 exd5 43. Kf1 Ke6 44. Ke2 Kd7 45. Kd3 Kc6 46. Bd4 a5
47. Kc3 b5 48. Kb3 Bb4 49. Ba7 Bc5 50. Bb8 d4 51. axb5+ Kxb5 52. e6 a4+ 53. Ka2
Kc4 54. Ba7 Bb4 55. Bb6 d3 0-1

[Event "IV Festival A"]
[Site "Cesenatico ITA"]
[Date "1999.08.??"]
[Round "4"]
[White "Nijboer, Friso"]
[Black "Prelati, Maurizio"]
[Result "1-0"]
[WhiteElo "2559"]
[BlackElo "2129"]
[PlyCount "41"]
[EventDate "1999.08.30"]

1. e4 c5 2. Nf3 d6 3. d4 cxd4 4. Nxd4 Nf6 5. Nc3 a6 6. Bc4 e6 7. O-O b5 8. Bb3
Be7 9. Qf3 Qb6 10. Bg5 Qxd4 11. e5 Qxe5 12. Bxf6 gxf6 13. Qxa8 d5 14. Bxd5 exd5
15. Rfe1 Qd6 16. Nxd5 Be6 17. Rad1 Bxd5 18. Rxd5 Qc7 19. Rc5 Qd8 20. Qb7 O-O
21. Qxe7 1-0

[Event "IV Festival A"]
[Site "Cesenatico ITA"]
[Date "1999.08.??"]
[Round "4"]
[White "Reichenbacher, Gerhard"]
[Black "Maio, Matteo"]
[Result "1-0"]
[WhiteElo "2057"]
[BlackElo "2137"]
[PlyCount "57"]
[EventDate "1999.08.30"]

1. e4 c5 2. d3 g6 3. g3 Bg7 4. Bg2 Nc6 5. f4 d6 6. Nf3 e6 7. O-O Nge7 8. c3 O-O
9. Be3 f5 10. e5 dxe5 11. fxe5 Nxe5 12. Nxe5 Bxe5 13. Bxc5 Qc7 14. d4 Bf6 15.
Qb3 Kg7 16. Na3 e5 17. Nb5 Qd7 18. dxe5 Bxe5 19. Rfe1 Nc6 20. Bxf8+ Kxf8 21.
Rad1 Qe7 22. Nd4 Nxd4 23. cxd4 Bxd4+ 24. Kh1 Qc5 25. Rc1 Qd6 26. Rcd1 Qc5 27.
Bd5 a5 28. a4 Ra6 29. Rc1 1-0

[Event "IV Festival A"]
[Site "Cesenatico ITA"]
[Date "1999.08.??"]
[Round "4"]
[White "Rossi, Giampiero"]
[Black "Gaido, Paolo"]
[Result "1/2-1/2"]
[WhiteElo "2020"]
[BlackElo "2154"]
[PlyCount "71"]
[EventDate "1999.08.30"]

1. d4 Nf6 2. c4 g6 3. g3 Bg7 4. Bg2 O-O 5. Nc3 d6 6. Nf3 Nbd7 7. O-O c6 8. Qc2
Qc7 9. Rd1 e5 10. b3 Re8 11. h3 exd4 12. Nxd4 Nc5 13. Bb2 Be6 14. Rac1 Rad8 15.
e3 Qc8 16. Kh2 Bf5 17. Nxf5 Qxf5 18. Qxf5 gxf5 19. Rc2 Nfe4 20. Kg1 Re7 21. Ne2
Bxb2 22. Rxb2 Kg7 23. h4 Ne6 24. Bh3 Kg6 25. Nd4 Nxd4 26. Rxd4 c5 27. Rd5 Re5
28. Rd3 Re7 29. Bg2 Red7 30. Bxe4 fxe4 31. Rd5 f5 32. Rbd2 Kf6 33. f3 exf3 34.
Kf2 Ke6 35. Kxf3 Rg8 36. a3 1/2-1/2

[Event "IV Festival A"]
[Site "Cesenatico ITA"]
[Date "1999.08.??"]
[Round "4"]
[White "Tommasini, Enzo"]
[Black "Di Lazzaro, Gabriele"]
[Result "1-0"]
[WhiteElo "2095"]
[BlackElo "2015"]
[PlyCount "85"]
[EventDate "1999.08.30"]

1. d4 Nf6 2. c4 e6 3. Nc3 Bb4 4. Qc2 Bxc3+ 5. Qxc3 b6 6. f3 d5 7. Bg5 O-O 8. e3
Ba6 9. Nh3 Nbd7 10. cxd5 Bxf1 11. Rxf1 exd5 12. Rc1 Rc8 13. b4 c6 14. Kf2 h6
15. Bf4 Nh5 16. g4 Nxf4 17. Nxf4 Re8 18. Ng2 Qe7 19. Rc2 c5 20. bxc5 bxc5 21.
Rfc1 c4 22. Qa5 Nb6 23. Rc3 Rc7 24. Nf4 Qd7 25. Rb1 f5 26. h3 fxg4 27. hxg4 Qd6
28. Rxb6 axb6 29. Qxd5+ Qxd5 30. Nxd5 Rc6 31. a4 Kf7 32. e4 Ra8 33. Ra3 Rd6 34.
Nc7 Ra5 35. Ke3 c3 36. Rxc3 Rxa4 37. d5 Rd7 38. e5 Rd8 39. d6 Kg8 40. Ne6 Rd7
41. Rc8+ Kf7 42. Nd4 Kg6 43. Rc6 1-0

[Event "IV Festival A"]
[Site "Cesenatico ITA"]
[Date "1999.08.??"]
[Round "4"]
[White "Visser, Yge"]
[Black "Lagrotteria, Salvatore"]
[Result "1/2-1/2"]
[WhiteElo "2378"]
[BlackElo "2204"]
[PlyCount "72"]
[EventDate "1999.08.30"]

1. e4 c5 2. d3 Nc6 3. g3 g6 4. Bg2 Bg7 5. f4 d6 6. Nf3 e6 7. O-O Nge7 8. c3 O-O
9. Be3 b6 10. Na3 Bb7 11. Re1 Rc8 12. Bf2 Kh8 13. Nc2 Rc7 14. h4 Ng8 15. g4 f6
16. d4 cxd4 17. Ncxd4 Nxd4 18. Nxd4 Bc8 19. f5 exf5 20. exf5 gxf5 21. gxf5 Bh6
22. Be3 Rg7 23. Kh1 Re8 24. Bxh6 Nxh6 25. Qh5 Reg8 26. Bd5 Ng4 27. Re2 Bb7 28.
Bxb7 Rxb7 29. Ne6 Qa8 30. Rg2 Rbg7 31. Kg1 Ne3 32. Rxg7 Rxg7+ 33. Kf2 Qg2+ 34.
Kxe3 Rg3+ 35. Kf4 Qh2 36. Ke4 Qg2+ 1/2-1/2

[Event "IV Festival A"]
[Site "Cesenatico ITA"]
[Date "1999.08.??"]
[Round "4"]
[White "Zucconi, Leandro"]
[Black "Perich, Stefano"]
[Result "1-0"]
[WhiteElo "2180"]
[BlackElo "2059"]
[PlyCount "59"]
[EventDate "1999.08.30"]

1. e4 g6 2. Nf3 Bg7 3. d4 d6 4. Be2 Nd7 5. O-O e5 6. c3 Ne7 7. Nbd2 O-O 8. dxe5
dxe5 9. Qc2 Nc6 10. Nc4 Nb6 11. Rd1 Bd7 12. Bg5 f6 13. Nxb6 axb6 14. Bc4+ Kh8
15. Be6 Qe7 16. Bxd7 fxg5 17. Rd5 h5 18. a3 Rf7 19. Rad1 Raf8 20. Bxc6 bxc6 21.
Rd7 Qf6 22. Rxf7 Rxf7 23. Qd2 g4 24. Qd8+ Rf8 25. Qxf6 Bxf6 26. Ne1 Rd8 27.
Rxd8+ Bxd8 28. Nd3 Bf6 29. a4 Kg7 30. Nb4 1-0

[Event "IV Festival A"]
[Site "Cesenatico ITA"]
[Date "1999.08.??"]
[Round "5"]
[White "Albert, Marion"]
[Black "Rossi, Giampiero"]
[Result "1/2-1/2"]
[WhiteElo "2103"]
[BlackElo "2020"]
[PlyCount "102"]
[EventDate "1999.08.30"]

1. e4 c5 2. d4 cxd4 3. c3 dxc3 4. Nxc3 Nc6 5. Nf3 g6 6. Bc4 Bg7 7. O-O d6 8. h3
Nf6 9. Qe2 O-O 10. Rd1 Qa5 11. Bf4 a6 12. a3 b5 13. b4 Qc7 14. Bd5 Nxd5 15.
Nxd5 Qb7 16. Rac1 Bd7 17. e5 Rfe8 18. exd6 exd6 19. Qd2 Be6 20. Bg5 Bxd5 21.
Qxd5 Rac8 22. Qxd6 Ne5 23. Nd2 h6 24. Bf4 Red8 25. Rxc8 Qxc8 26. Qc5 Nd3 27.
Qxc8 Rxc8 28. Be3 Rc3 29. Nb1 Rb3 30. Kf1 Ne5 31. Bc5 Nc4 32. Ke2 Bf6 33. Rc1
Bg5 34. Rd1 Nxa3 35. Nxa3 Rxa3 36. Rd7 Ra2+ 37. Kf3 Rd2 38. Ra7 Rd3+ 39. Ke4
Ra3 40. Kd5 Kg7 41. Kc6 Ra4 42. Kb7 Bd2 43. Rxa6 Rxb4 44. Bxb4 Bxb4 45. Kc6 Be1
46. f3 b4 47. Kd5 Bc3 48. Rb6 h5 49. Rb7 Kf6 50. g4 hxg4 51. hxg4 g5 1/2-1/2

[Event "IV Festival A"]
[Site "Cesenatico ITA"]
[Date "1999.08.??"]
[Round "5"]
[White "Bellincampi, Stefano"]
[Black "Danielsen, Heini"]
[Result "1/2-1/2"]
[WhiteElo "2043"]
[BlackElo "2135"]
[PlyCount "55"]
[EventDate "1999.08.30"]

1. e4 c5 2. c3 d5 3. exd5 Qxd5 4. d4 Nf6 5. Nf3 Bg4 6. Be2 e6 7. h3 Bh5 8. O-O
Be7 9. Be3 cxd4 10. Nxd4 Bxe2 11. Qxe2 Nc6 12. Rd1 O-O 13. c4 Nxd4 14. Bxd4 Qc6
15. Nc3 b6 16. Rac1 Rfd8 17. b3 Rd7 18. Be5 Rad8 19. Rxd7 Rxd7 20. Rd1 Kf8 21.
Rd3 Rxd3 22. Qxd3 g6 23. Qd4 Nd7 24. Bf4 Bf6 25. Qd6+ Qxd6 26. Bxd6+ Be7 27.
Bxe7+ Kxe7 28. Kf1 1/2-1/2

[Event "IV Festival A"]
[Site "Cesenatico ITA"]
[Date "1999.08.??"]
[Round "5"]
[White "Bonacci, Mauro"]
[Black "Niermann, Rainer"]
[Result "1-0"]
[WhiteElo "2178"]
[BlackElo "2147"]
[PlyCount "59"]
[EventDate "1999.08.30"]

1. e4 Nc6 2. Nf3 e5 3. Bb5 a6 4. Ba4 Nf6 5. O-O Nxe4 6. d4 b5 7. Bb3 d5 8. dxe5
Be6 9. Nbd2 Bc5 10. c3 O-O 11. Bc2 Nxf2 12. Rxf2 f6 13. exf6 Qxf6 14. Nf1 Bxf2+
15. Kxf2 Ne5 16. Kg1 Rae8 17. Be3 Nxf3+ 18. Qxf3 Qxf3 19. gxf3 Bh3 20. Kf2 Re6
21. Bc5 Rfe8 22. Bd3 Rh6 23. Ne3 c6 24. b4 Bc8 25. Rh1 Re5 26. Bd4 Reh5 27. Nf1
Bh3 28. Ng3 Rh4 29. Be3 Rd6 30. Bg5 1-0

[Event "IV Festival A"]
[Site "Cesenatico ITA"]
[Date "1999.08.??"]
[Round "5"]
[White "Brancaleoni, Maurizio"]
[Black "Visser, Yge"]
[Result "1-0"]
[WhiteElo "2197"]
[BlackElo "2378"]
[PlyCount "87"]
[EventDate "1999.08.30"]

1. Nf3 Nf6 2. c4 g6 3. Nc3 Bg7 4. e4 d6 5. d4 O-O 6. Be2 Na6 7. O-O e5 8. Be3
Ng4 9. Bg5 f6 10. Bc1 Nh6 11. Rb1 Nf7 12. dxe5 dxe5 13. b4 Qxd1 14. Rxd1 c6 15.
Ba3 Nc7 16. Na4 Re8 17. Bb2 Ne6 18. c5 Nf4 19. Bc4 Bg4 20. h3 Bxf3 21. gxf3
Rad8 22. h4 Kf8 23. Nc3 g5 24. h5 Nxh5 25. Ne2 Rxd1+ 26. Rxd1 Rd8 27. Rb1 Ke7
28. b5 Rd7 29. a4 Nd8 30. a5 Bf8 31. Ba3 a6 32. bxa6 bxa6 33. Bxa6 Ra7 34. Rb6
Kd7 35. Nc3 Nf4 36. Bb4 Nde6 37. Na4 Kc7 38. Bc4 h5 39. a6 Nxc5 40. Ba5 Kd7 41.
Rb8 Nxa4 42. Rxf8 Kd6 43. Bb4+ c5 44. Rxf6+ 1-0

[Event "IV Festival A"]
[Site "Cesenatico ITA"]
[Date "1999.08.??"]
[Round "5"]
[White "Braun, Christian"]
[Black "Marzano, Carlo"]
[Result "1/2-1/2"]
[WhiteElo "2167"]
[BlackElo "2233"]
[PlyCount "32"]
[EventDate "1999.08.30"]

1. d4 d6 2. c4 e5 3. Nf3 exd4 4. Nxd4 g6 5. g3 Bg7 6. Bg2 Ne7 7. O-O O-O 8. Nc3
Nbc6 9. Be3 Ne5 10. b3 Ng4 11. Qd2 Nxe3 12. Qxe3 Re8 13. Qd2 Rb8 14. Rac1 a6
15. Rfd1 Bd7 16. a4 Nf5 1/2-1/2

[Event "IV Festival A"]
[Site "Cesenatico ITA"]
[Date "1999.08.??"]
[Round "5"]
[White "Cadelli, Luciano"]
[Black "Lazzarato, Alberto"]
[Result "1-0"]
[WhiteElo "2116"]
[BlackElo "2177"]
[PlyCount "131"]
[EventDate "1999.08.30"]

1. d4 Nf6 2. c4 g6 3. Nc3 Bg7 4. e4 d6 5. Be2 O-O 6. Bg5 h6 7. Be3 Kh7 8. h4 e5
9. d5 c5 10. h5 g5 11. g4 Na6 12. f3 Nc7 13. Nh3 Ng8 14. Qd2 f6 15. O-O Bd7 16.
Nf2 Rf7 17. Nh1 Bf8 18. Ng3 Ne7 19. Rfb1 Ne8 20. a3 Ng7 21. Nf5 Nc8 22. b4 b6
23. Rb2 Be8 24. Bd3 Rd7 25. Ng3 Bf7 26. Bc2 a6 27. Rab1 Rc7 28. bxc5 bxc5 29.
Na4 Qd7 30. Kg2 Be7 31. Qd1 Bd8 32. Nb6 Nxb6 33. Rxb6 Be8 34. Bd2 Rca7 35. R6b2
Bc7 36. Qe1 Qd8 37. Qe3 Kg8 38. Qc3 Bd7 39. a4 Qc8 40. Bd1 Kf7 41. a5 Ke7 42.
Qa3 Qe8 43. Rb7 Rxb7 44. Rxb7 Qc8 45. Qb2 Rb8 46. Rxb8 Qxb8 47. Qxb8 Bxb8 48.
Ne2 Bc7 49. Kg3 Kd8 50. Nc1 Kc8 51. Nd3 Ne8 52. Nb2 Bd8 53. Ba4 Bxa4 54. Nxa4
Kb7 55. Nb2 Bc7 56. Nd3 Bd8 57. Kf2 Ng7 58. Ke1 Ne8 59. Kd1 Ng7 60. Kc2 Ne8 61.
Kb3 Ng7 62. Ka4 Be7 63. f4 exf4 64. Nxf4 Kc7 65. Ng6 Bd8 66. Nh8 1-0

[Event "IV Festival A"]
[Site "Cesenatico ITA"]
[Date "1999.08.??"]
[Round "5"]
[White "Gaiba, Paolo"]
[Black "Zucconi, Leandro"]
[Result "1-0"]
[WhiteElo "2149"]
[BlackElo "2180"]
[PlyCount "81"]
[EventDate "1999.08.30"]

1. e4 e6 2. d4 d5 3. e5 c5 4. c3 Nc6 5. Nf3 Qb6 6. Bd3 Bd7 7. O-O cxd4 8. Re1
Bc5 9. b4 Be7 10. b5 Na5 11. Nxd4 O-O-O 12. Nd2 Nh6 13. N2b3 Kb8 14. a4 Rc8 15.
Nxa5 Qxa5 16. Bd2 Qd8 17. Qb3 Bg5 18. f4 Be7 19. Reb1 Bc5 20. g3 f6 21. Re1
fxe5 22. Rxe5 Nf7 23. Ree1 Qf6 24. Qb2 h5 25. Kg2 h4 26. Be3 hxg3 27. hxg3 Ka8
28. a5 e5 29. b6 exd4 30. cxd4 Bf5 31. a6 Bxb6 32. axb7+ Kxb7 33. Qb5 Bxd3 34.
Qxd3 Nd6 35. Qa6+ Kb8 36. Reb1 Rc2+ 37. Kg1 Qe7 38. Rxb6+ axb6 39. Qa8+ Kc7 40.
Ra7+ Nb7 41. Qxb7+ 1-0

[Event "IV Festival A"]
[Site "Cesenatico ITA"]
[Date "1999.08.??"]
[Round "5"]
[White "Gaido, Paolo"]
[Black "Di Lazzaro, Gabriele"]
[Result "1/2-1/2"]
[WhiteElo "2154"]
[BlackElo "2015"]
[PlyCount "110"]
[EventDate "1999.08.30"]

1. Nf3 Nf6 2. c4 e6 3. d4 b6 4. g3 Ba6 5. b3 Bb4+ 6. Bd2 Be7 7. Bg2 c6 8. Bc3
d5 9. Ne5 Nfd7 10. Nxd7 Nxd7 11. Nd2 O-O 12. e4 dxe4 13. Nxe4 Rc8 14. O-O b5
15. cxb5 cxb5 16. Bb2 b4 17. Re1 Nf6 18. Qd2 Qb6 19. Rac1 Bb7 20. Nxf6+ Bxf6
21. Bxb7 Qxb7 22. Rxc8 Rxc8 23. Rc1 Rxc1+ 24. Qxc1 h6 25. Qf4 Qb5 26. Qd2 Qf5
27. Kg2 a5 28. f3 Qb1 29. Bc1 Qa1 30. Qb2 Bxd4 31. Qxa1 Bxa1 32. Be3 Be5 33.
Bb6 Bd6 34. Bxa5 g5 35. g4 f5 36. h3 Kf7 37. Kf2 Kg6 38. Ke3 e5 39. Kd3 h5 40.
Kc4 e4 41. gxh5+ Kxh5 42. fxe4 fxe4 43. Kd4 Be7 44. Kxe4 Kh4 45. Kf5 Kxh3 46.
Bxb4 Bxb4 47. Kxg5 Kg3 48. Kf5 Kf3 49. Ke5 Ke3 50. Kd5 Kd3 51. Kc6 Kc3 52. Kb5
Ba3 53. Ka4 Kb2 54. b4 Bxb4 55. Kxb4 Kxa2 1/2-1/2

[Event "IV Festival A"]
[Site "Cesenatico ITA"]
[Date "1999.08.??"]
[Round "5"]
[White "Gori, Andrea"]
[Black "Tommasini, Enzo"]
[Result "1-0"]
[WhiteElo "2186"]
[BlackElo "2095"]
[PlyCount "131"]
[EventDate "1999.08.30"]

1. e4 e6 2. d4 d5 3. Nc3 Nf6 4. Bg5 Bb4 5. e5 h6 6. Bd2 Bxc3 7. Bxc3 Ne4 8. Qg4
g6 9. Ne2 c5 10. dxc5 Nc6 11. Bd4 Qa5+ 12. c3 Nxc5 13. Nc1 Nxd4 14. Qxd4 Qc7
15. Nd3 b6 16. Be2 Bd7 17. O-O-O a5 18. Kb1 a4 19. h4 a3 20. b3 O-O 21. Nxc5
Qxc5 22. h5 g5 23. f4 Qxd4 24. Rxd4 f6 25. exf6 Rxf6 26. fxg5 hxg5 27. Bf3 b5
28. Rxd5 exd5 29. Bxd5+ Be6 30. Bxa8 Rf2 31. Re1 Rb2+ 32. Kc1 Bf7 33. Re5 Rxa2
34. Rxb5 Rf2 35. Rxg5+ Kh8 36. c4 Rf1+ 37. Kc2 a2 38. Ra5 a1=Q 39. Rxa1 Rxa1
40. Bf3 Kg7 41. Kb2 Ra7 42. c5 Kf6 43. Kc3 Ra5 44. Bd1 Ke5 45. h6 Bg6 46. Kc4
Ra1 47. Bf3 Rh1 48. Kb5 Kd4 49. c6 Rb1 50. b4 Bd3+ 51. Ka5 Kc4 52. c7 Bf5 53.
Be4 Ra1+ 54. Kb6 Bxe4 55. c8=Q+ Kd3 56. Qd7+ Ke3 57. Qh3+ Kf2 58. h7 Ra8 59.
h8=Q Rxh8 60. Qxh8 Bxg2 61. Qb2+ Kg3 62. Kc5 Kf3 63. Kd4 Kg3 64. Ke3 Kh2 65.
Kf4 Kg1 66. Kg3 1-0

[Event "IV Festival A"]
[Site "Cesenatico ITA"]
[Date "1999.08.??"]
[Round "5"]
[White "Grigore, George-Gabriel"]
[Black "Ciolac, Gheorghe"]
[Result "1/2-1/2"]
[WhiteElo "2526"]
[BlackElo "2364"]
[PlyCount "47"]
[EventDate "1999.08.30"]

1. d4 Nf6 2. c4 e6 3. Nc3 d5 4. cxd5 exd5 5. Bg5 Be7 6. e3 c6 7. Qc2 Nbd7 8.
Bd3 Nh5 9. Bxe7 Qxe7 10. Nge2 g6 11. O-O-O Nb6 12. h3 Bd7 13. Kb1 O-O-O 14. g4
Ng7 15. Nf4 Kb8 16. Be2 Rc8 17. Ka1 Ne6 18. Nd3 c5 19. dxc5 Nxc5 20. Nxc5 Rxc5
21. Rd4 Be6 22. Rhd1 Rhc8 23. Bf1 Qc7 24. f4 1/2-1/2

[Event "IV Festival A"]
[Site "Cesenatico ITA"]
[Date "1999.08.??"]
[Round "5"]
[White "Kamp, Christoph"]
[Black "Naumkin, Igor"]
[Result "1/2-1/2"]
[WhiteElo "2333"]
[BlackElo "2489"]
[PlyCount "41"]
[EventDate "1999.08.30"]

1. c4 e5 2. Nc3 Nf6 3. Nf3 Nc6 4. a3 Be7 5. d4 exd4 6. Nxd4 O-O 7. Bg5 h6 8.
Bh4 d5 9. cxd5 Nxd5 10. Nxc6 bxc6 11. Bxe7 Qxe7 12. Qc2 Rd8 13. e3 Qe5 14. Bd3
Nxc3 15. bxc3 c5 16. O-O Bb7 17. Rfd1 Rd6 18. Rab1 Bc6 19. Bh7+ Kf8 20. Rxd6
cxd6 21. Bd3 1/2-1/2

[Event "IV Festival A"]
[Site "Cesenatico ITA"]
[Date "1999.08.??"]
[Round "5"]
[White "Lagrotteria, Salvatore"]
[Black "Drazic, Sinisa"]
[Result "0-1"]
[WhiteElo "2204"]
[BlackElo "2493"]
[PlyCount "64"]
[EventDate "1999.08.30"]

1. d4 g6 2. c4 Bg7 3. Nc3 d6 4. Nf3 Nf6 5. h3 O-O 6. Bf4 c6 7. e3 a6 8. Bd3 b5
9. b3 Nbd7 10. O-O Re8 11. Qc2 e5 12. Bg5 h6 13. Bh4 Qb6 14. Rad1 Bb7 15. Bg3
Rac8 16. Qb1 Qa5 17. dxe5 dxe5 18. Ne4 Nxe4 19. Bxe4 Nf8 20. b4 Qa3 21. Rd3 Qa4
22. Rc3 a5 23. a3 bxc4 24. Nd2 Ba6 25. Bc2 Qb5 26. Nxc4 e4 27. Nd6 Qxf1+ 28.
Qxf1 Bxf1 29. Rc5 Bd3 30. Bb3 Ne6 31. Rxa5 Bf8 32. Nxe8 Rxe8 0-1

[Event "IV Festival A"]
[Site "Cesenatico ITA"]
[Date "1999.08.??"]
[Round "5"]
[White "Malesevic, Vitomir"]
[Black "Iotti, Pierluigi"]
[Result "0-1"]
[WhiteElo "2263"]
[BlackElo "2326"]
[PlyCount "120"]
[EventDate "1999.08.30"]

1. d4 Nf6 2. Nf3 b6 3. c4 e6 4. g3 Bb7 5. Bg2 Be7 6. O-O O-O 7. Nc3 Ne4 8. d5
Nxc3 9. bxc3 d6 10. Nd4 e5 11. Nf5 Bg5 12. e4 Bxc1 13. Rxc1 Bc8 14. Ne3 g6 15.
f4 exf4 16. gxf4 Nd7 17. Qd4 f6 18. Rf3 Qe7 19. Re1 Bb7 20. Rg3 Kh8 21. Ng4
Rae8 22. Rge3 Qg7 23. Nf2 Kg8 24. Bh3 Nc5 25. Kh1 Re7 26. Rg3 Rfe8 27. Bf5 Kf7
28. Reg1 Qh8 29. Ng4 Nxe4 30. Nh6+ Kf8 31. Rxg6 hxg6 32. Rxg6 Rg7 33. Rxf6+ Ke7
34. Re6+ Kd8 35. Bxe4 Rge7 36. Rxe7 Kxe7 37. Nf5+ Kf7 38. Qxh8 Rxh8 39. Kg2 Ba6
40. Bd3 Bc8 41. Ng3 Rh4 42. a3 Ke7 43. Ne2 Bd7 44. Bc2 b5 45. cxb5 Bxb5 46. Kg3
Rh5 47. Nd4 Rxd5 48. h4 Be8 49. Kg4 Bh5+ 50. Kg3 c5 51. Nf5+ Kf6 52. Ne3 Rd2
53. Be4 Ra2 54. Nd5+ Kf7 55. f5 Rxa3 56. Kf4 Ra4 57. Kg5 Rxe4 58. Kxh5 Re5 59.
c4 Rxf5+ 60. Kg4 Rxd5 0-1

[Event "IV Festival A"]
[Site "Cesenatico ITA"]
[Date "1999.08.??"]
[Round "5"]
[White "Perich, Stefano"]
[Black "Reichenbacher, Gerhard"]
[Result "1-0"]
[WhiteElo "2059"]
[BlackElo "2057"]
[PlyCount "90"]
[EventDate "1999.08.30"]

1. Nf3 Nf6 2. d4 g6 3. c4 Bg7 4. Nc3 O-O 5. e4 d6 6. h3 a6 7. Bg5 c6 8. a4 Nbd7
9. a5 b5 10. axb6 Qxb6 11. Na4 Qc7 12. Bd3 Rb8 13. Qd2 c5 14. d5 Ne5 15. Nxe5
dxe5 16. Be3 Nd7 17. O-O f5 18. f3 f4 19. Bf2 g5 20. Rfb1 a5 21. Nc3 Ba6 22.
Ne2 Rb4 23. Qc2 Rfb8 24. Be1 Rb3 25. Nc1 R3b4 26. Bxb4 Rxb4 27. Na2 Rb8 28. Qa4
Rb6 29. Qxa5 h5 30. Be2 Qd6 31. Qe1 Qg6 32. b4 g4 33. fxg4 Qxe4 34. b5 Bc8 35.
gxh5 Qd4+ 36. Kh1 e4 37. Nc1 Rh6 38. Nb3 Qe3 39. Bg4 Qd3 40. Ra8 Nb6 41. Rb8 f3
42. gxf3 exf3 43. Nxc5 Qxc4 44. Be6+ Rxe6 45. Qxe6+ Kh8 1-0

[Event "IV Festival A"]
[Site "Cesenatico ITA"]
[Date "1999.08.??"]
[Round "5"]
[White "Prelati, Maurizio"]
[Black "Cacco, Christian"]
[Result "0-1"]
[WhiteElo "2129"]
[BlackElo "2292"]
[PlyCount "96"]
[EventDate "1999.08.30"]

1. e4 c5 2. d4 cxd4 3. c3 dxc3 4. Nxc3 Nc6 5. Nf3 g6 6. Bc4 d6 7. O-O Bg7 8.
Qe2 Nh6 9. Rd1 Ng4 10. Bg5 O-O 11. Nb5 Qa5 12. Rac1 a6 13. b4 Nxb4 14. Nc7 Ra7
15. Bxe7 b5 16. Bxf8 Kxf8 17. Bxb5 Rxc7 18. Rxc7 Qxc7 19. Ba4 Ne5 20. Nxe5 Bxe5
21. Bb3 Bb7 22. Qd2 Nc6 23. Re1 Qe7 24. Bd5 Qd7 25. Rb1 Bc8 26. Qc2 Ne7 27. Rb8
Kg7 28. Bb3 d5 29. Rb6 d4 30. Qc4 Ng8 31. Rc6 Bb7 32. Rc5 Bb8 33. Qd3 Qd6 34.
Rg5 h6 35. e5 Qb4 36. Rg4 Qe1+ 37. Qf1 Qxf1+ 38. Kxf1 Bxe5 39. f4 Bf6 40. Rg3
Ne7 41. Rd3 Be4 42. Rd2 Nf5 43. g4 Ne3+ 44. Ke2 Nxg4 45. h3 d3+ 46. Kf1 Ne3+
47. Kf2 Bd4 48. Ke1 Bc3 0-1

[Event "IV Festival A"]
[Site "Cesenatico ITA"]
[Date "1999.08.??"]
[Round "5"]
[White "Rotstein, Arkadij"]
[Black "Franza, Marco"]
[Result "1-0"]
[WhiteElo "2460"]
[BlackElo "2009"]
[PlyCount "95"]
[EventDate "1999.08.30"]

1. e4 c5 2. Nf3 d6 3. Nc3 Nc6 4. d4 cxd4 5. Nxd4 g6 6. Be2 Bg7 7. Be3 Nf6 8.
O-O O-O 9. Nb3 Be6 10. f4 Qc8 11. h3 Rd8 12. Nd4 Nxd4 13. Bxd4 Bc4 14. Bd3 e5
15. fxe5 dxe5 16. Be3 Bxd3 17. cxd3 Qe6 18. Bg5 h6 19. Bxf6 Bxf6 20. Nd5 Bg5
21. Qb3 Rd7 22. Rf2 Rc8 23. Raf1 Kg7 24. Kh2 h5 25. Rc2 Rc6 26. Rff2 h4 27. Rc4
f5 28. Rfc2 fxe4 29. dxe4 Qf7 30. Qf3 Bf4+ 31. Kg1 Rdc7 32. R4c3 Rxc3 33. Rxc3
Rxc3 34. Qxc3 Bg3 35. Qc7 Qxc7 36. Nxc7 Kf7 37. Kf1 Bf4 38. Kf2 Bc1 39. b3 Ke7
40. Nd5+ Kd6 41. Nb4 Bb2 42. Nd3 Bd4+ 43. Kf3 g5 44. Kg4 Be3 45. Kf5 Bd2 46.
Nxe5 Bf4 47. Nf3 Bc1 48. e5+ 1-0

[Event "IV Festival A"]
[Site "Cesenatico ITA"]
[Date "1999.08.??"]
[Round "5"]
[White "Vancini, Edoardo"]
[Black "Nijboer, Friso"]
[Result "0-1"]
[WhiteElo "2255"]
[BlackElo "2559"]
[PlyCount "115"]
[EventDate "1999.08.30"]

1. e4 d5 2. Nc3 d4 3. Nce2 g6 4. Ng3 Bg7 5. Bc4 Nc6 6. Nf3 Nf6 7. O-O O-O 8. d3
Na5 9. Bb3 Nxb3 10. axb3 b6 11. Bf4 Bb7 12. Qd2 Re8 13. Be5 c5 14. b4 Nd7 15.
Bxg7 Kxg7 16. bxc5 Nxc5 17. Ne5 f6 18. Ng4 Bc8 19. Qh6+ Kh8 20. h3 Bxg4 21.
hxg4 e5 22. f4 Qe7 23. g5 exf4 24. gxf6 Qxf6 25. Nh5 Qf8 26. Qxf8+ Rxf8 27.
Nxf4 Rfc8 28. Nd5 Kg7 29. b4 Nd7 30. Ra2 a5 31. Rfa1 Kf7 32. bxa5 Rxa5 33. Rxa5
bxa5 34. Rxa5 Rxc2 35. Ra4 Ne5 36. Rxd4 h5 37. Nf4 h4 38. Kf1 Ng4 39. Rd7+ Ke8
40. Rg7 Rf2+ 41. Kg1 Rxf4 42. Rxg6 Kf7 43. Rg5 Kf6 44. Rh5 Ne3 45. Kh2 Kg6 46.
Rh8 Ng4+ 47. Kh3 Nf2+ 48. Kh2 Kg7 49. Rh5 Rg4 50. Rf5 Nxd3 51. Kh3 Rxe4 52. g3
Kg6 53. Ra5 Ne5 54. gxh4 Re3+ 55. Kg2 Kf6 56. Kf2 Re4 57. Kg3 Kg6 58. h5+ {...}
0-1

[Event "IV Festival A"]
[Site "Cesenatico ITA"]
[Date "1999.08.??"]
[Round "5"]
[White "Zama, Domenico"]
[Black "Costantini, Roberto"]
[Result "0-1"]
[WhiteElo "1920"]
[BlackElo "2196"]
[PlyCount "62"]
[EventDate "1999.08.30"]

1. c4 e6 2. d4 d5 3. Nc3 Be7 4. e4 dxe4 5. Nxe4 Bb4+ 6. Nc3 Nf6 7. a3 Be7 8.
Be3 O-O 9. g3 Nbd7 10. Bg2 e5 11. d5 a5 12. Nh3 Bc5 13. O-O Bxe3 14. fxe3 Qe7
15. Nf2 Ne8 16. e4 Nc5 17. b3 b6 18. Rb1 Na6 19. Nd3 Nd6 20. Qh5 f6 21. Qe2 Bd7
22. Qe3 Nb7 23. b4 Nd6 24. c5 Nc4 25. Qc1 axb4 26. c6 bxc3 27. Qxc3 Nd6 28.
cxd7 Qxd7 29. Qb3 Kh8 30. Rfc1 Nb7 31. Rc6 Na5 0-1

[Event "IV Festival A"]
[Site "Cesenatico ITA"]
[Date "1999.08.??"]
[Round "6"]
[White "Bonacci, Mauro"]
[Black "Malesevic, Vitomir"]
[Result "1-0"]
[WhiteElo "2178"]
[BlackElo "2263"]
[PlyCount "119"]
[EventDate "1999.08.30"]

1. e4 d5 2. exd5 Qxd5 3. Nc3 Qa5 4. d4 Nf6 5. Nf3 Bg4 6. h3 Bf5 7. Bd3 Nd5 8.
O-O Nxc3 9. bxc3 Bxd3 10. Qxd3 Nd7 11. Bf4 c6 12. Rab1 b6 13. c4 e6 14. Rfe1
Be7 15. d5 Nc5 16. Qd4 O-O 17. d6 Rfd8 18. dxe7 Rxd4 19. Nxd4 Qa4 20. Rbd1 Re8
21. Nf5 Nb7 22. Rd7 exf5 23. Rxb7 f6 24. Rd1 Kf7 25. Rdd7 c5 26. Bd6 Qc6 27.
Rbc7 Ke6 28. Rd8 Qxd6 29. Rxd6+ Kxd6 30. Rxa7 Rxe7 31. Rxe7 Kxe7 32. f4 Kd6 33.
Kf2 Kc6 34. Ke3 h6 35. h4 Kd6 36. Kd3 Ke7 37. Kc3 Kd6 38. Kb3 Kd7 39. Ka4 Kc6
40. a3 g5 41. g3 h5 42. Kb3 Kd6 43. Kc3 Ke6 44. Kd3 Kf7 45. Ke3 Kg6 46. Ke2 Kg7
47. Ke3 Kh6 48. Kf2 Kg7 49. Ke2 Kf7 50. Kf3 Kg6 51. Ke3 g4 52. Kd3 Kf7 53. Kc3
Ke7 54. Kb3 Kd6 55. Ka4 Kc6 56. c3 Kc7 57. Kb5 Kb7 58. a4 Ka7 59. a5 bxa5 60.
Kxa5 1-0

[Event "IV Festival A"]
[Site "Cesenatico ITA"]
[Date "1999.08.??"]
[Round "6"]
[White "Brancaleoni, Maurizio"]
[Black "Rotstein, Arkadij"]
[Result "0-1"]
[WhiteElo "2197"]
[BlackElo "2460"]
[PlyCount "73"]
[EventDate "1999.08.30"]

1. e4 c5 2. Nf3 e6 3. b3 b6 4. d4 cxd4 5. Nxd4 Bb7 6. Bd3 Bc5 7. Nf3 Nf6 8. Qe2
Nc6 9. Bb2 Ne7 10. Nc3 Ng6 11. O-O-O Nf4 12. Qd2 Nxd3+ 13. cxd3 Rc8 14. Kb1 O-O
15. Rhg1 Qe7 16. g4 Bb4 17. g5 Nh5 18. Rde1 Rc7 19. d4 Rfc8 20. Re3 Bxc3 21.
Bxc3 Bxe4+ 22. Kb2 Bd5 23. Ne5 Nf4 24. Ng4 Ng6 25. h4 Kh8 26. h5 Nh4 27. h6
Qxg5 28. f4 Qxf4 29. hxg7+ Kg8 30. Re2 Qxd2+ 31. Bxd2 Ng6 32. Bh6 f5 33. Nf6+
Kf7 34. Nxh7 Rg8 35. Ng5+ Kf6 36. Nh7+ Kf7 37. Ng5+ 0-1